| 000 | 00342 a2200109 4500 | ||
|---|---|---|---|
| 001 | ART_26476 | ||
| 005 | 20260410161933.0 | ||
| 008 | 260409a | ||
| 245 | 1 | 0 | _aLa política de precios en la comercialización internacional |
| 100 | 1 | _aBarrionuevo, Gerardo R. | |
| 773 | 0 |
_tInforme _g- Año II, Nº 14 (ago. 1970) _wREV23765 |
|
| 999 |
_c28784 _d28784 |
||